000 00556nam a2200217Ia 4500
003 OSt
005 20220928151048.0
006 a|||||r|||| 00| 0
007 ta
008 220927b |||||||| |||| 00| 0 eng d
024 _a111781
037 _cTextual
040 _aSDCL
_cSDCL
_beng
041 _2eng
_aeng
082 _aP15,10A3:28x,1:g, L8
100 _aVyasshisya K L
_9516376
245 0 _aNirukta sar nidarsana.
260 _c1978
942 _hP15,10A3:28x,1:g, L8
_cTEXL
_2CC
999 _c848792
_d848792